Wszystkie mecze reprezentacji Polski za kadencji Janasa - Statystyki

Ogólne statystyki
  • Ten quiz został rozwiązany 85 razy
  • Średni wynik to 33 z 51
Statystyki odpowiedzi
Rozgrywki Wynik Reprezentacja % Poprawnych
Mistrzostwa Świata 0:1 Niemcy
94%
Eliminacje do MŚ 1:2 Anglia
84%
Eliminacje do MŚ 1:2 Anglia
84%
Mecz towarzyski 3:0 Ekwador
82%
Mistrzostwa Świata 0:2 Ekwador
82%
Eliminacje do ME 2:0 Łotwa
79%
Eliminacje do ME 0:3 Szwecja
79%
Eliminacje do ME 0:2 Szwecja
79%
Mecz towarzyski 1:3 Szwecja
79%
Eliminacje do MŚ 3:2 Walia
78%
Eliminacje do MŚ 1:0 Walia
78%
Mecz towarzyski 1:5 Dania
77%
Eliminacje do MŚ 3:1 Austria
75%
Eliminacje do MŚ 3:2 Austria
75%
Mecz towarzyski 3:1 Litwa
75%
Mecz towarzyski 0:1 Litwa
75%
Mecz towarzyski 0:1 Stany Zjednoczone
75%
Mecz towarzyski 1:1 Stany Zjednoczone
75%
Mecz towarzyski 0:1 Stany Zjednoczone
75%
Eliminacje do ME 0:0 Węgry
75%
Eliminacje do ME 2:1 Węgry
75%
Mistrzostwa Świata 2:1 Kostaryka
74%
Eliminacje do ME 5:0 San Marino
74%
Mecz towarzyski 0:0 Irlandia
73%
Mecz towarzyski 2:1 Estonia
71%
Mecz towarzyski 3:1 Estonia
71%
Mecz towarzyski 0:0 Chorwacja
68%
Mecz towarzyski 1:0 Chorwacja
68%
Mecz towarzyski 4:3 Serbia i Czarnogóra
66%
Mecz towarzyski 3:2 Serbia i Czarnogóra
66%
Mecz towarzyski 3:1 Włochy
66%
Eliminacje do MŚ 8:0 Azerbejdżan
65%
Eliminacje do MŚ 3:0 Azerbejdżan
65%
Mecz towarzyski 0:0 Francja
65%
Mecz towarzyski 1:0 Grecja
65%
Mecz towarzyski 1:3 Belgia
64%
Eliminacje do MŚ 3:0 Irlandia Północna
56%
Eliminacje do MŚ 1:0 Irlandia Północna
56%
Mecz towarzyski 1:3 Białoruś
51%
Mecz towarzyski 3:2 Islandia
49%
Mecz towarzyski 2:0 Słowenia
49%
Mecz towarzyski 1:0 Albania
48%
Mecz towarzyski 1:2 Kolumbia
48%
Mecz towarzyski 1:1 Meksyk
48%
Mecz towarzyski 3:2 Izrael
39%
Mecz towarzyski 4:0 Malta
39%
Mecz towarzyski 3:0 Kazachstan
36%
Mecz towarzyski 3:0 Macedonia Północna
35%
Mecz towarzyski 6:0 Wyspy Owcze
34%
Mecz towarzyski 4:0 Wyspy Owcze
34%
Mecz towarzyski 2:1 Arabia Saudyjska
27%
Nie znaleziono quizów pasujących do podanych kryteriów
Rozkład punktacji
Procent ludzi z każdym wynikiem
Percentyl według liczby udzielonych odpowiedzi
Twoja historia wyników
Nie rozwiązałeś tego quizu